
Library Catalogue

| 000 -LEADER | |
|---|---|
| fixed length control field | 01539nam a2200217Ia 4500 |
| 003 - CONTROL NUMBER IDENTIFIER | |
| control field | OSt |
| 005 - DATE AND TIME OF LATEST TRANSACTION | |
| control field | 20201216123336.0 |
| 008 - FIXED-LENGTH DATA ELEMENTS--GENERAL INFORMATION | |
| fixed length control field | 160316s2010 xxu||||| |||| 00| 0 eng d |
| 020 ## - INTERNATIONAL STANDARD BOOK NUMBER | |
| International Standard Book Number | 9780521192897 |
| 040 ## - CATALOGING SOURCE | |
| Transcribing agency | NLS |
| 082 ## - DEWEY DECIMAL CLASSIFICATION NUMBER | |
| Classification number | 342.7302 |
| Item number | MCD |
| 100 ## - MAIN ENTRY--PERSONAL NAME | |
| Personal name | McDowell Gary L |
| 245 ## - TITLE STATEMENT | |
| Title | The language of law and the foundations of American constitutionalism |
| 260 ## - PUBLICATION, DISTRIBUTION, ETC. | |
| Place of publication, distribution, etc. | Cambridge |
| Name of publisher, distributor, etc. | Cambridge University Press |
| Date of publication, distribution, etc. | 2010 |
| 300 ## - PHYSICAL DESCRIPTION | |
| Extent | 409p |
| Dimensions | ix |
| 365 ## - TRADE PRICE | |
| Price amount | Rs. 1,573 |
| 505 ## - FORMATTED CONTENTS NOTE | |
| Formatted contents note | Table of Contents:<br/>Preface;<br/>Acknowledgments; <br/>Introduction: <br/>The Politics of Original Intention; <br/>The Constitution and the Scholarly Tradition: Recovering the Founders's Constituion;<br/>Nature and the Language of Law: Thomas Hobbes and the Foundations of Modern Constitutionalism;<br/>Language, Law, and Liberty: John Locke and the Structures of Modern Constitutionalism;<br/>The Limits of Natural Law: Modern Constitutionalism and the Science of Interpretation;<br/>The Greatest Improvement on Political Institutions: Natural Rights, the Intentions of the People, and Written Constitutions;<br/>Chains of the Constitution: Thomas Jefferson, James Madison, and the "Political Metaphysics" of Strict Construction;<br/>The Most Sacred Rule of Interpretation: John Marshall, Originalism, and the Limits of Judicial Power; <br/>The Same Yesterday, Today, and Forever: Joseph Story and the Permanence of Constitutional Meaning; <br/>Epilogue: The Moral Foundations of Originalism; <br/>Index;<br/> |
| 650 ## - SUBJECT ADDED ENTRY--TOPICAL TERM | |
| Topical term or geographic name entry element | 1. Constitutional Law - U S A |
| 700 ## - ADDED ENTRY--PERSONAL NAME | |
| Personal name | |
| -- | |
| 942 ## - ADDED ENTRY ELEMENTS (KOHA) | |
| Source of classification or shelving scheme | Dewey Decimal Classification |
| Koha item type | BOOKs |
| Withdrawn status | Lost status | Damaged status | Not for loan | Home library | Current library | Shelving location | Date acquired | Cost, normal purchase price | Total Checkouts | Full call number | Barcode | Date last seen | Price effective from | Koha item type |
|---|---|---|---|---|---|---|---|---|---|---|---|---|---|---|
| . | . | Library Compactors | 30.05.2017 | 1573.00 | 342.7302 MCD | 26209 | 30.05.2017 | 30.05.2017 | BOOKs |